[Event "CZE-ch U12"]
[Site "Kouty nad Desnou"]
[Date "2020.03.12"]
[Round "7"]
[White "Babula, Matej"]
[Black "Matusik, Ondrej"]
[Result "1-0"]
[WhiteElo "1353"]
[BlackElo "1482"]
[PlyCount "91"]
[EventDate "2020.03.07"]
[EventType "swiss"]
[EventRounds "7"]
[EventCountry "CZE"]
[SourceTitle "CBM 195 Extra"]
[Source "ChessBase"]
[SourceDate "2020.05.31"]
[SourceVersion "1"]
[SourceVersionDate "2020.05.31"]
[SourceQuality "1"]

1. e4 e6 2. d4 d5 3. exd5 exd5 4. Bd3 c5 5. dxc5 Bxc5 6. Nf3 Nf6 7. c3 0-0 8. 0-0 Bg4 9. Bf4 Nbd7 10. Nbd2 Re8 11. Nb3 Bb6 12. Be2 Re4 13. Bg3 Bc7 14. Bxc7 Qxc7 15. h3 Bh5 16. Nfd4 Bxe2 17. Nxe2 Rae8 18. Ng3 R4e6 19. Nd4 Rb6 20. Qc2 Ne5 21. Rfe1 Nc6 22. Rxe8+ Nxe8 23. Re1 Nf6 24. Ndf5 Kf8 25. Qe2 Qd8 26. Nh5 Nxh5 27. Qxh5 Kg8 28. Qg4 g6 29. Re2 Kf8 30. Nd4 Nxd4 31. Qxd4 Kg8 32. c4 Re6 33. Rxe6 fxe6 34. cxd5 exd5 35. Qxa7 Qc7 36. Qe3 Qc4 37. Qe8+ Kg7 38. Qe7+ Kg8 39. Qxb7 d4 40. Qb3 Qxb3 41. axb3 Kf7 42. Kf1 Ke6 43. Ke2 Kd5 44. Kd3 Kc5 45. f4 Kd5 46. b4 1-0

[Event "CZE-ch U12"]
[Site "Kouty nad Desnou"]
[Date "2020.03.07"]
[Round "1"]
[White "Hladky, Tadeas"]
[Black "Matusik, Ondrej"]
[Result "1-0"]
[WhiteElo "1773"]
[BlackElo "1482"]
[PlyCount "45"]
[EventDate "2020.03.07"]
[EventType "swiss"]
[EventRounds "7"]
[EventCountry "CZE"]
[SourceTitle "CBM 195 Extra"]
[Source "ChessBase"]
[SourceDate "2020.05.31"]
[SourceVersion "1"]
[SourceVersionDate "2020.05.31"]
[SourceQuality "1"]

1. e4 e6 2. d4 d5 3. Nd2 Ne7 4. Ngf3 Bd7 5. Bd3 Ng6 6. Nb3 Be7 7. Be3 a5 8. 0-0 a4 9. Nc1 Na6 10. c3 0-0 11. Ne2 b6 12. Bc2 b5 13. Nf4 Nxf4 14. Bxf4 Bc6 15. e5 f5 16. exf6 Bxf6 17. Be5 Bd7 18. Bxf6 Qxf6 19. Ne5 Rad8 20. Qd3 Qf5 21. Qe2 Qg5 22. Nxd7 Rxd7 23. Qxe6+ 1-0